<?xml version="1.0" encoding="UTF-8"?>
<record
    xmlns:xsi="http://www.w3.org/2001/XMLSchema-instance"
    xsi:schemaLocation="http://www.loc.gov/MARC21/slim http://www.loc.gov/standards/marcxml/schema/MARC21slim.xsd"
    xmlns="http://www.loc.gov/MARC21/slim">

  <leader>01153nam a22002537a 4500</leader>
  <controlfield tag="001">BRCA_9297</controlfield>
  <controlfield tag="003">FranzMayer</controlfield>
  <controlfield tag="005">20230726124212.0</controlfield>
  <controlfield tag="008">230726b        |||||||| |||| 00| 0 eng d</controlfield>
  <datafield tag="040" ind1=" " ind2=" ">
    <subfield code="a">MFM</subfield>
    <subfield code="b">esp</subfield>
    <subfield code="c">MFM</subfield>
  </datafield>
  <datafield tag="050" ind1=" " ind2="4">
    <subfield code="a">LM42</subfield>
    <subfield code="b">B37 1725</subfield>
  </datafield>
  <datafield tag="082" ind1=" " ind2=" ">
    <subfield code="2">CR3499</subfield>
  </datafield>
  <datafield tag="100" ind1="1" ind2=" ">
    <subfield code="4">Autor</subfield>
    <subfield code="a">Bap. Nivarri, Juan</subfield>
    <subfield code="9">28975</subfield>
  </datafield>
  <datafield tag="240" ind1="1" ind2=" ">
    <subfield code="a">Titulos de la Hacienda de S Phelipe, perteneciente a Dn Joseph de Cartefons </subfield>
    <subfield code="h">J el 20 de marzo de 1725 en Juan Bap. Nibarri </subfield>
    <subfield code="l">Espa&#xF1;ol</subfield>
  </datafield>
  <datafield tag="245" ind1="0" ind2=" ">
    <subfield code="a">T&#xED;tulos de la Hacienda de S. Phelipe, perteneciente a Dn Joseph de Cartefons</subfield>
    <subfield code="b">J el 20 de marzo de 1725 en Juan Bap. Nibarri </subfield>
  </datafield>
  <datafield tag="260" ind1=" " ind2=" ">
    <subfield code="c">1725</subfield>
  </datafield>
  <datafield tag="300" ind1=" " ind2=" ">
    <subfield code="a">814 p</subfield>
    <subfield code="c">31 cm</subfield>
  </datafield>
  <datafield tag="500" ind1=" " ind2=" ">
    <subfield code="a">El libro tiene algunos da&#xF1;os en varias hojas que fueron reparados.</subfield>
  </datafield>
  <datafield tag="500" ind1=" " ind2=" ">
    <subfield code="a">El libro es un comprendido de varios documentos, por lo que algunas hojas se encuentran desprendidas.</subfield>
  </datafield>
  <datafield tag="505" ind1="0" ind2=" ">
    <subfield code="a">Texto en: espa&#xF1;olDirigido a: historiadores, antrop&#xF3;logos personas que busquen a familiares "arboles familiares" </subfield>
  </datafield>
  <datafield tag="650" ind1="1" ind2=" ">
    <subfield code="2">Realeza</subfield>
    <subfield code="a">Herencias</subfield>
    <subfield code="v">Provincias</subfield>
    <subfield code="9">28976</subfield>
  </datafield>
  <datafield tag="651" ind1="2" ind2=" ">
    <subfield code="2">T&#xED;tulos de honor</subfield>
    <subfield code="a">T&#xED;tulos nobiliarios</subfield>
    <subfield code="v">Felipe de Castilla</subfield>
    <subfield code="9">28977</subfield>
  </datafield>
  <datafield tag="942" ind1=" " ind2=" ">
    <subfield code="2">lcc</subfield>
    <subfield code="c">B</subfield>
  </datafield>
  <datafield tag="999" ind1=" " ind2=" ">
    <subfield code="c">10919</subfield>
    <subfield code="d">10919</subfield>
  </datafield>
  <datafield tag="952" ind1=" " ind2=" ">
    <subfield code="0">0</subfield>
    <subfield code="1">0</subfield>
    <subfield code="2">lcc</subfield>
    <subfield code="4">0</subfield>
    <subfield code="7">0</subfield>
    <subfield code="8">CFM</subfield>
    <subfield code="a">BRCA</subfield>
    <subfield code="b">BRCA</subfield>
    <subfield code="d">2023-07-26</subfield>
    <subfield code="e">Donaci&#xF3;n</subfield>
    <subfield code="l">0</subfield>
    <subfield code="o">LM42 B37 1725</subfield>
    <subfield code="p">CFM00533</subfield>
    <subfield code="r">2023-07-26 00:00:00</subfield>
    <subfield code="w">2023-07-26</subfield>
    <subfield code="y">B</subfield>
  </datafield>
</record>
